000 00912nam a22002777a 4500
003 CHAP
005 20220329140043.0
008 971013s1985 r 00010 d
010 _a46300
011 _a47272
035 _a51414
040 _cCHAP
090 _aFolleto 10773
110 _aUniversidad Autónoma de Baja California
_9116299
245 _aEvolución del sistema educativo estatal de Baja California de 1975 a 1984, y sus perspectivas para 1990
260 _aMexicali :
_bLa Universidad,
_c1985
300 _a48 p.
_b; gráfs.
590 _aBATCH-UPD
_b10
_c20130110
_lUCH01
_h0315
590 _aBATCH-UPD
_b10
_c20130409
_lUCH01
_h2347
590 _aBATCH-UPD
_b10
_c20130914
_lUCH01
_h1236
590 _aCONVERSION
_b10
_c20130109
_lUCH01
_h1325
650 1 4 _aEducación
_xBaja California.
_935416
901 _aBK
942 _cFOLL
949 _aFolleto 10773
_bBC
_cFOLL
_d-115029
_eTS1
_i51414
_mD
_si
999 _c46300
_d46300